[Event "17. Šahovski festival "]
[Site "Senta"]
[Date "2013.07.14"]
[Round "2.8"]
[White "Sente, Damir"]
[Black "Dragovic, Momcilo"]
[Result "1/2-1/2"]
[WhiteElo "2082"]
[BlackElo "2387"]
[PlyCount "87"]
[EventDate "2013.07.13"]

1. Nf3 d6 2. e4 Nf6 3. Nc3 e5 4. d4 Nbd7 5. Be2 Be7 6. O-O O-O 7. h3 c6 8. a4
a5 9. Be3 Re8 10. Nd2 Bf8 11. f4 exd4 12. Bxd4 b6 13. Bd3 Nc5 14. Qf3 Nxd3 15.
cxd3 Ba6 16. Bf2 Nd7 17. Rfe1 Nc5 18. Re3 Qf6 19. Nc4 Qd8 20. Nd2 g6 21. d4 Ne6
22. d5 Nd4 23. Qd1 cxd5 24. exd5 Rxe3 25. Bxe3 Nf5 26. Bf2 Bg7 27. Nf3 Rc8 28.
Nd4 Bxd4 29. Bxd4 Rc4 30. Bf2 Rxf4 31. Qd2 Rc4 32. Re1 h5 33. Re4 h4 34. Rxc4
Bxc4 35. Ne4 Qe7 36. Nc3 Qb7 37. Ne4 Qe7 38. Nc3 Ng3 39. Bxb6 Nf1 40. Qf4 Qe1
41. Bf2 Qa1 42. Qxh4 Ng3+ 43. Kh2 Nf1+ 44. Kg1 1/2-1/2

[Event "17. Šahovski festival "]
[Site "Senta"]
[Date "2013.07.14"]
[Round "2.9"]
[White "Manojlovic, Sava"]
[Black "Kokeza, Mirko"]
[Result "1-0"]
[WhiteElo "2127"]
[BlackElo "2315"]
[PlyCount "51"]
[EventDate "2013.07.13"]

1. d4 c5 2. e3 g6 3. Nf3 Bg7 4. c4 Nc6 5. Nc3 cxd4 6. exd4 d6 7. h3 Nf6 8. Be2
O-O 9. O-O h6 10. Re1 d5 11. Bf4 g5 12. Bh2 Be6 13. cxd5 Nxd5 14. Qd2 Nxc3 15.
bxc3 Na5 16. Ne5 Rc8 17. h4 Bd5 18. hxg5 hxg5 19. Bd3 e6 20. Rac1 Bxe5 21. Rxe5
f6 22. Ree1 Kg7 23. f4 Rh8 24. fxg5 Rxh2 25. Kxh2 Qd6+ 26. Kg1 1-0

[Event "17. Šahovski festival "]
[Site "Senta"]
[Date "2013.07.14"]
[Round "2.10"]
[White "Radusinovic, Lazar"]
[Black "Miladinovic, Lena"]
[Result "1/2-1/2"]
[WhiteElo "2310"]
[BlackElo "2083"]
[PlyCount "67"]
[EventDate "2013.07.13"]

1. d4 Nf6 2. Nf3 e6 3. g3 c5 4. Bg2 Qa5+ 5. c3 cxd4 6. Nxd4 Be7 7. O-O Nc6 8.
e4 O-O 9. Nd2 d5 10. N2b3 Qd8 11. exd5 exd5 12. Qc2 Ne4 13. c4 Nb4 14. Qe2 dxc4
15. Qxc4 Nf6 16. Bg5 b5 17. Qe2 Bg4 18. f3 Bd7 19. Kh1 h6 20. Bd2 a6 21. Rfd1
Re8 22. Qf1 Qb6 23. a3 Nbd5 24. Ba5 Qa7 25. Qg1 Rac8 26. Rac1 Bf8 27. Rxc8 Rxc8
28. Rc1 Re8 29. Bd2 Qb6 30. Na5 Bc5 31. Nab3 Bf8 32. Na5 Bc5 33. Nab3 Bf8 34.
Na5 1/2-1/2

[Event "17. Šahovski festival "]
[Site "Senta"]
[Date "2013.07.14"]
[Round "2.11"]
[White "Tancik, Kristijan"]
[Black "Cica, Dragan"]
[Result "1/2-1/2"]
[WhiteElo "2272"]
[BlackElo "2063"]
[PlyCount "82"]
[EventDate "2013.07.13"]

1. d4 f5 2. g3 g6 3. Nf3 Nf6 4. Bg2 Bg7 5. O-O O-O 6. b3 d6 7. Bb2 Ne4 8. Nbd2
Nc6 9. c4 Nxd2 10. Qxd2 e5 11. dxe5 dxe5 12. Qd5+ Kh8 13. Qxd8 Rxd8 14. Rfd1
Be6 15. Ng5 Bg8 16. Bxc6 bxc6 17. Nf3 Re8 18. Rd7 Rac8 19. Rad1 h6 20. Rxg7
Kxg7 21. Nxe5 Be6 22. Nxc6+ Kg8 23. f4 g5 24. fxg5 hxg5 25. Bf6 f4 26. Ne7+ Kf7
27. Nxc8 Bxc8 28. Bxg5 fxg3 29. hxg3 Rxe2 30. Rd2 Rxd2 31. Bxd2 Bf5 32. b4 Be6
33. c5 Bxa2 34. Bf4 c6 35. Kf2 Ke6 36. Ke3 Kd5 37. Bc7 Bb1 38. Kf4 Ke6 39. Kg5
a6 40. g4 Kf7 41. Kh6 Bc2 1/2-1/2

[Event "17. Šahovski festival "]
[Site "Senta"]
[Date "2013.07.14"]
[Round "2.13"]
[White "Simonyi, Zoltan"]
[Black "Kovacs, Arthur"]
[Result "1-0"]
[WhiteElo "2220"]
[BlackElo "1995"]
[PlyCount "75"]
[EventDate "2013.07.13"]

1. e4 c6 2. d4 d5 3. e5 Bf5 4. h4 h5 5. Ne2 e6 6. Nf4 Bg4 7. Qd3 c5 8. Qb5+ Qd7
9. dxc5 a6 10. Qb6 Nc6 11. Nd3 Bf5 12. f4 Rc8 13. Be3 d4 14. Bd2 Nge7 15. Qb3
Nd5 16. Qc4 b5 17. Qb3 Bxd3 18. Bxd3 Bxc5 19. a4 Ncb4 20. axb5 Nxd3+ 21. cxd3
Qxb5 22. Qxb5+ axb5 23. Na3 Bxa3 24. Rxa3 O-O 25. Ra5 Rc2 26. Rxb5 Ne3 27. g3
Ra8 28. Ke2 Ra2 29. Rb1 g6 30. Ke1 Kg7 31. Rb8 Ra4 32. Bb4 Rc7 33. Bd6 Rd7 34.
Kf2 Nf5 35. Bf8+ Kh7 36. Rc1 Rda7 37. Rcc8 R4a6 38. Bc5 1-0

[Event "17. Šahovski festival "]
[Site "Senta"]
[Date "2013.07.14"]
[Round "2.16"]
[White "Agoston, Aron"]
[Black "Pregarac, Valter"]
[Result "0-1"]
[WhiteElo "2162"]
[BlackElo "2136"]
[PlyCount "120"]
[EventDate "2013.07.13"]

1. e4 e5 2. Nf3 Nc6 3. d4 exd4 4. Nxd4 Nf6 5. Nc3 Bb4 6. Nxc6 bxc6 7. Bd3 d5 8.
exd5 O-O 9. O-O cxd5 10. Bg5 c6 11. Qf3 Bd6 12. h3 Rb8 13. Na4 Be6 14. b3 h6
15. Bf4 Rb4 16. Bxd6 Qxd6 17. c3 Rbb8 18. Qe3 a5 19. Rae1 Rfe8 20. Qa7 Ra8 21.
Qd4 Nd7 22. f4 f6 23. Rf3 Bf7 24. Rfe3 Rxe3 25. Qxe3 Re8 26. Qf2 Rxe1+ 27. Qxe1
Qxf4 28. Qe7 Nf8 29. Qc5 Ne6 30. Qa7 f5 31. Bf1 Ng5 32. Nb2 Qg3 33. Kh1 Bh5 34.
Qg1 Nf3 35. gxf3 Bxf3+ 36. Bg2 Qxh3+ 37. Qh2 Bxg2+ 38. Kg1 Qxh2+ 39. Kxh2 Be4
40. b4 axb4 41. cxb4 Kf7 42. a4 Ke7 43. a5 Kd7 44. Na4 Kc8 45. Nc5 d4 46. Kg3
g5 47. Kf2 Bd5 48. Ke2 Bc4+ 49. Kf3 h5 50. Kf2 h4 51. Kf3 Bd5+ 52. Kf2 Bc4 53.
Kg2 g4 54. a6 Kb8 55. Nd7+ Ka7 56. Ne5 Bd5+ 57. Kh2 Kxa6 58. Ng6 Kb5 59. Nxh4
Be4 60. Kg3 Kxb4 0-1

[Event "17. Šahovski festival "]
[Site "Senta"]
[Date "2013.07.14"]
[Round "2.17"]
[White "Bejatovic, Bojana"]
[Black "Domany, Zsofia"]
[Result "0-1"]
[WhiteElo "2002"]
[BlackElo "2158"]
[PlyCount "120"]
[EventDate "2013.07.13"]

1. d4 d5 2. Nf3 Nf6 3. e3 e6 4. Bd3 Nbd7 5. b3 Bd6 6. Bb2 O-O 7. O-O Re8 8. Ne5
c6 9. Nd2 Nf8 10. f4 N6d7 11. Rf3 f6 12. Ng4 f5 13. Ne5 Nf6 14. Rg3 Bd7 15.
Ndf3 Re7 16. c4 dxc4 17. bxc4 b5 18. d5 cxd5 19. cxb5 Qb6 20. Qe2 Nh5 21. Nxd7
Nxg3 22. hxg3 Rxd7 23. a4 Rc8 24. Ne5 Rdc7 25. Nc6 Rxc6 26. bxc6 Rxc6 27. Bd4
Qc7 28. Qb2 Bc5 29. Rd1 Qb6 30. Bb5 Bxd4 31. Qxd4 Qxd4 32. Rxd4 Rc7 33. a5 Rc1+
34. Kf2 Rc2+ 35. Kf1 Rc5 36. Rb4 a6 37. Bxa6 Rxa5 38. Bc8 Ra8 39. Bb7 Rb8 40.
Rb5 Nd7 41. Bc6 Rxb5 42. Bxb5 Nf6 43. Kf2 Kf7 44. Bd3 Ke7 45. Ke1 Kd6 46. Kf2
Kc5 47. Ba6 h6 48. Bc8 Kd6 49. Ke2 g5 50. Ba6 Ne4 51. fxg5 hxg5 52. g4 f4 53.
Bd3 Ke5 54. Kf3 Nd2+ 55. Ke2 fxe3 56. Kxe3 Nb3 57. g3 Na5 58. Bb1 Nc6 59. Bc2
Kd6 60. Bb1 Ne5 0-1

[Event "17. Šahovski festival "]
[Site "Senta"]
[Date "2013.07.14"]
[Round "3.1"]
[White "Leskur, Dejan"]
[Black "Drazic, Sinisa"]
[Result "0-1"]
[WhiteElo "2391"]
[BlackElo "2464"]
[PlyCount "134"]
[EventDate "2013.07.13"]

1. e4 e5 2. Nf3 Nc6 3. Bb5 Nf6 4. d3 d6 5. c3 Bd7 6. O-O a6 7. Ba4 g6 8. Re1
Bg7 9. Bg5 h6 10. Bh4 O-O 11. Nbd2 Kh8 12. Nf1 Qe8 13. Bc2 Nh5 14. d4 Bg4 15.
dxe5 Nxe5 16. Ne3 Nxf3+ 17. gxf3 Bh3 18. Nd5 Qd7 19. f4 Bg4 20. f3 Be6 21. f5
Bxd5 22. Qxd5 Be5 23. Kh1 g5 24. Bf2 Nf4 25. Qd2 Qe7 26. a4 b5 27. axb5 axb5
28. Bb3 c6 29. Be3 Kg7 30. Rg1 Kh7 31. Rgd1 Qf6 32. Rf1 Rfd8 33. Rfb1 Kg7 34.
Rg1 Kf8 35. Rgd1 Qe7 36. Rf1 Kg7 37. Rg1 Kh7 38. Rgd1 Qe8 39. Rf1 Kg7 40. Rfd1
Rxa1 41. Rxa1 Ra8 42. Rg1 Kf6 43. Rd1 Ke7 44. Rf1 Qh8 45. Rd1 Qb8 46. Bd4 Qc7
47. Be3 Kf6 48. Rf1 Rb8 49. Ra1 c5 50. Bd5 b4 51. c4 b3 52. Ra6 Kg7 53. h4 Qe7
54. Ra1 Qf6 55. Rg1 Kf8 56. Bxf4 Bxf4 57. Qg2 Qe5 58. Ra1 Kg7 59. Ra7 Rf8 60.
Ra3 Qd4 61. Qe2 gxh4 62. Rxb3 h3 63. Rd3 Qf6 64. Rb3 Kh8 65. e5 dxe5 66. Qf1 h2
67. Rb7 Rg8 0-1

[Event "17. Šahovski festival "]
[Site "Senta"]
[Date "2013.07.14"]
[Round "3.3"]
[White "Lazic, Miroljub"]
[Black "Dudukovic, Nikola"]
[Result "0-1"]
[WhiteElo "2467"]
[BlackElo "2321"]
[PlyCount "97"]
[EventDate "2013.07.13"]

1. g3 g6 2. Bg2 Bg7 3. d4 c5 4. dxc5 Na6 5. e4 Nxc5 6. Ne2 d6 7. Nbc3 Nf6 8. h3
O-O 9. Be3 Qa5 10. O-O Na4 11. Nxa4 Qxa4 12. b3 Qa5 13. c4 Bd7 14. Rc1 Bc6 15.
Nc3 Rfc8 16. Re1 Qd8 17. Qd2 Nd7 18. Nd5 b6 19. h4 h5 20. Bg5 Bxd5 21. exd5 Nf6
22. Bh3 Rc7 23. Qe2 Rb8 24. Kg2 Kf8 25. Bd2 Rcb7 26. f4 b5 27. f5 gxf5 28. Bxf5
bxc4 29. Rxc4 Rb5 30. Bg5 Rxd5 31. Qf3 Rc5 32. Rxc5 dxc5 33. Bf4 Rb4 34. Be3
Rb5 35. Rd1 Qe8 36. Bd3 Rb8 37. Bxc5 Kg8 38. Bc4 Ng4 39. b4 e6 40. Bxa7 Rxb4
41. Bb3 Ne5 42. Qf2 Qa8+ 43. Kh3 Ng4 44. Qc5 Rd4 45. Rf1 Rd2 46. Qxh5 Nf6 47.
Qf3 Qxa7 48. h5 Qa5 49. h6 0-1

[Event "17. Šahovski festival "]
[Site "Senta"]
[Date "2013.07.14"]
[Round "3.5"]
[White "Andrijevic, Milan"]
[Black "Nadj Hedjesi, Balind"]
[Result "1/2-1/2"]
[WhiteElo "2322"]
[BlackElo "2389"]
[PlyCount "44"]
[EventDate "2013.07.13"]

1. e4 c5 2. Nf3 d6 3. d4 cxd4 4. Nxd4 Nf6 5. Nc3 Bd7 6. Be2 Bc6 7. Nxc6 Nxc6 8.
O-O e6 9. Be3 a6 10. f4 Qc7 11. Qe1 b5 12. Bf3 Rc8 13. Qf2 Be7 14. e5 Nd7 15.
exd6 Bxd6 16. Rad1 b4 17. Na4 Be7 18. Qe2 Ncb8 19. f5 e5 20. c4 O-O 21. b3 Rfd8
22. Qf2 Re8 1/2-1/2

[Event "17. Šahovski festival "]
[Site "Senta"]
[Date "2013.07.14"]
[Round "3.6"]
[White "Manojlovic, Sava"]
[Black "Kosanovic, Goran A"]
[Result "0-1"]
[WhiteElo "2127"]
[BlackElo "2372"]
[PlyCount "44"]
[EventDate "2013.07.13"]

1. d4 Nf6 2. Nf3 c5 3. d5 d6 4. c4 e5 5. Nc3 Be7 6. e4 Nbd7 7. Be2 O-O 8. O-O
Ne8 9. Ne1 Bg5 10. Nd3 Bxc1 11. Qxc1 a6 12. a4 g6 13. Ra3 Ng7 14. Qh6 Qe7 15.
g4 Nf6 16. f3 Kh8 17. Qg5 Nxd5 18. Qxe7 Nxe7 19. Rb3 Rb8 20. Rb6 Be6 21. Nd5
Bxd5 22. cxd5 Nc8 0-1

[Event "17. Šahovski festival "]
[Site "Senta"]
[Date "2013.07.14"]
[Round "3.7"]
[White "Dragovic, Momcilo"]
[Black "Nagy, Attila N"]
[Result "1-0"]
[WhiteElo "2387"]
[BlackElo "2206"]
[PlyCount "95"]
[EventDate "2013.07.13"]

1. e4 c5 2. Nf3 d6 3. d4 cxd4 4. Nxd4 Nf6 5. Nc3 g6 6. g3 Nc6 7. Nde2 Bg7 8.
Bg2 O-O 9. O-O Rb8 10. h3 b5 11. Nd5 Ne5 12. Rb1 Bd7 13. b3 b4 14. Bb2 Bb5 15.
Re1 Nfd7 16. Nd4 a5 17. Qd2 Nc5 18. Nxb5 Rxb5 19. f4 Ned7 20. Bxg7 Kxg7 21.
Rbd1 e6 22. Ne3 Nf6 23. Qd4 Nb7 24. Bf1 e5 25. fxe5 Rxe5 26. Nc4 Re6 27. Bg2
Kg8 28. Qa7 Qb8 29. Qf2 Rfe8 30. e5 dxe5 31. Bxb7 Qxb7 32. Nd6 Rxd6 33. Rxd6
Ne4 34. Rb6 Qd5 35. Qe3 Nc3 36. Rf6 e4 37. Ref1 Re7 38. Kh2 Qh5 39. Qd4 Nd5 40.
Rd6 Qe2+ 41. Rf2 Qxf2+ 42. Qxf2 e3 43. Qe1 Nc3 44. Rd8+ Kg7 45. Rd3 e2 46. Rxc3
bxc3 47. Qxc3+ f6 48. Qe1 1-0

[Event "17. Šahovski festival "]
[Site "Senta"]
[Date "2013.07.14"]
[Round "3.9"]
[White "Stanojevic, Branko"]
[Black "Pregarac, Valter"]
[Result "1/2-1/2"]
[WhiteElo "2302"]
[BlackElo "2136"]
[PlyCount "57"]
[EventDate "2013.07.13"]

1. d4 Nf6 2. c4 c5 3. d5 b5 4. cxb5 a6 5. b6 d6 6. Qb3 Bb7 7. e4 Nbd7 8. Nc3 g6
9. a4 a5 10. Bb5 Bg7 11. Bg5 O-O 12. Nf3 h6 13. Bh4 Nxb6 14. O-O g5 15. Bg3 Nh5
16. Rfe1 Nxg3 17. hxg3 Rc8 18. Rad1 Nd7 19. Nd2 Ne5 20. Nc4 Rb8 21. Nxe5 Bxe5
22. Qc2 Bc8 23. Qe2 Bd7 24. Qh5 Kg7 25. Rd2 f6 26. Bxd7 Qxd7 27. Nb5 Qe8 28.
Qh2 Rb7 29. f4 1/2-1/2

[Event "17. Šahovski festival "]
[Site "Senta"]
[Date "2013.07.14"]
[Round "3.10"]
[White "Miladinovic, Lena"]
[Black "Tancik, Kristijan"]
[Result "1/2-1/2"]
[WhiteElo "2083"]
[BlackElo "2272"]
[PlyCount "51"]
[EventDate "2013.07.13"]

1. d4 Nf6 2. Nf3 e6 3. e3 d5 4. Bd3 c5 5. b3 Nc6 6. O-O Bd6 7. Bb2 O-O 8. c4
Qe7 9. Nc3 a6 10. cxd5 exd5 11. dxc5 Bxc5 12. h3 Be6 13. Rc1 Rac8 14. Bb1 Rfd8
15. Na4 Ba7 16. Ng5 Ne4 17. Nxe6 Qxe6 18. Qe2 b5 19. Bxe4 dxe4 20. Nc5 Bxc5 21.
Rxc5 Nb4 22. Rfc1 Rxc5 23. Rxc5 Nd3 24. Rc2 Nxb2 25. Rxb2 Rd3 26. Rc2 1/2-1/2

[Event "17. Šahovski festival "]
[Site "Senta"]
[Date "2013.07.14"]
[Round "3.12"]
[White "Farkas, Tibor"]
[Black "Cica, Dragan"]
[Result "0-1"]
[WhiteElo "2250"]
[BlackElo "2063"]
[PlyCount "44"]
[EventDate "2013.07.13"]

1. e4 c5 2. Nf3 d6 3. d4 cxd4 4. Qxd4 Nc6 5. Bb5 Bd7 6. Bxc6 Bxc6 7. Nc3 e5 8.
Qd3 h6 9. Be3 Nf6 10. O-O-O Be7 11. h3 Qa5 12. Nd2 Rd8 13. Nb3 Qc7 14. f3 a6
15. g4 d5 16. exd5 Nxd5 17. Nxd5 Bxd5 18. Bd2 Qc6 19. Na5 Qa4 20. c4 Qxa2 21.
Bc3 Bc6 22. Qe2 Bg5+ 0-1

[Event "17. Šahovski festival "]
[Site "Senta"]
[Date "2013.07.14"]
[Round "3.13"]
[White "Vranic, Ljubomir"]
[Black "Korponai, Akos"]
[Result "1-0"]
[WhiteElo "2225"]
[BlackElo "1786"]
[PlyCount "61"]
[EventDate "2013.07.13"]

1. d4 Nf6 2. c4 e6 3. Nf3 Bb4+ 4. Nbd2 b6 5. Qb3 Qe7 6. a3 Bxd2+ 7. Nxd2 Bb7 8.
Qg3 d6 9. Qxg7 Rg8 10. Qh6 Bxg2 11. Rg1 Rg6 12. Qe3 Bb7 13. Rxg6 hxg6 14. b4
Nbd7 15. Bb2 c5 16. Qh3 O-O-O 17. Bg2 Bxg2 18. Qxg2 Kb8 19. Rb1 e5 20. bxc5
dxc5 21. dxe5 Nxe5 22. Qg3 Re8 23. Nf3 Nfd7 24. Kf1 Kb7 25. Nxe5 Nxe5 26. Qg2+
Nc6 27. Qf3 Qe4 28. Rd1 Qxf3 29. exf3 Kc7 30. Bc3 Ne5 31. Re1 1-0

[Event "17. Šahovski festival "]
[Site "Senta"]
[Date "2013.07.14"]
[Round "3.14"]
[White "Sakic, Lorand"]
[Black "Simonyi, Zoltan"]
[Result "1-0"]
[WhiteElo "1971"]
[BlackElo "2220"]
[PlyCount "103"]
[EventDate "2013.07.13"]

1. e4 c5 2. Nf3 Nc6 3. d4 cxd4 4. Nxd4 g6 5. Nc3 Bg7 6. Be3 Nf6 7. Qd2 Ng4 8.
Nxc6 bxc6 9. Bd4 Bxd4 10. Qxd4 e5 11. Qd2 Rb8 12. h3 Nf6 13. Qd6 Rxb2 14. Qxe5+
Qe7 15. Qxe7+ Kxe7 16. e5 Ne8 17. O-O-O Rb6 18. Bc4 Rb4 19. Bb3 Rf4 20. Rd2 f6
21. Re1 fxe5 22. Rxe5+ Kd8 23. Ne4 Rf5 24. Rxf5 gxf5 25. Ng5 Ke7 26. Re2+ Kf6
27. f4 Ng7 28. Nf7 Rf8 29. Nd6 h5 30. Re5 h4 31. c4 Ba6 32. Ra5 Ke7 33. Rxa6
Kxd6 34. Rxa7 Ne6 35. Bd1 Nxf4 36. Bf3 Nd3+ 37. Kd2 Ne5 38. Be2 Rg8 39. Bf1 Rg3
40. Ra8 Kc5 41. Rh8 f4 42. Ke2 Ng6 43. Rh7 d6 44. Rh6 Kxc4 45. Kf2+ Kd4 46. a4
d5 47. a5 Ke4 48. a6 Ne5 49. Rxh4 Ra3 50. Rh7 Ra2+ 51. Kg1 c5 52. Bb5 1-0

[Event "17. Šahovski festival "]
[Site "Senta"]
[Date "2013.07.14"]
[Round "3.15"]
[White "Kokeza, Mirko"]
[Black "Markovic, Aleksandar"]
[Result "1-0"]
[WhiteElo "2315"]
[BlackElo "2111"]
[PlyCount "107"]
[EventDate "2013.07.13"]

1. d4 Nf6 2. c4 g6 3. Nc3 Bg7 4. e4 O-O 5. f4 d6 6. Nf3 c5 7. d5 e6 8. dxe6
Bxe6 9. Bd3 Re8 10. O-O Bg4 11. h3 Bxf3 12. Qxf3 Nc6 13. Bd2 Nd4 14. Qf2 a6 15.
Rae1 Re7 16. e5 dxe5 17. fxe5 Nd7 18. Bg5 Nxe5 19. Nd5 Nxd3 20. Nxe7+ Qxe7 21.
Rxe7 Nxf2 22. Kxf2 b5 23. g4 Ne6 24. Bc1 bxc4 25. Kg2 Rb8 26. Rfxf7 Bxb2 27.
Bxb2 Rxb2+ 28. Rf2 Nf4+ 29. Kf3 Rxf2+ 30. Kxf2 c3 31. Ke1 Nxh3 32. Re3 Nf4 33.
Rxc3 h5 34. gxh5 gxh5 35. Rc4 Ne6 36. Rh4 Kf7 37. Rxh5 Ke7 38. Kd2 Kd6 39. Kc3
Kc6 40. Kc4 Nc7 41. Rxc5+ Kb6 42. a4 Kb7 43. a5 Nb5 44. Kd5 Nc7+ 45. Kd6 Nb5+
46. Kd7 Ka7 47. Rc4 Kb7 48. Kd8 Ka7 49. Kd7 Kb7 50. Rb4 Kb8 51. Kc6 Ka7 52. Rh4
Nc3 53. Rh7+ Kb8 54. Kb6 1-0

[Event "17. Šahovski festival "]
[Site "Senta"]
[Date "2013.07.14"]
[Round "3.16"]
[White "Kovacs, Arthur"]
[Black "Suc, Timothy"]
[Result "1/2-1/2"]
[WhiteElo "1995"]
[BlackElo "2137"]
[PlyCount "33"]
[EventDate "2013.07.13"]

1. d4 d5 2. Nf3 c5 3. c4 e6 4. cxd5 exd5 5. Nc3 Nc6 6. e3 c4 7. Be2 Nf6 8. O-O
Bb4 9. Ne5 O-O 10. f4 Bxc3 11. bxc3 Ne4 12. Qc2 Nd6 13. Ba3 Re8 14. Bxd6 Qxd6
15. e4 dxe4 16. Nxc4 Qc7 17. Ne3 1/2-1/2

[Event "17. Šahovski festival "]
[Site "Senta"]
[Date "2013.07.15"]
[Round "4.1"]
[White "Drazic, Sinisa"]
[Black "Stankovic, Milos"]
[Result "1-0"]
[WhiteElo "2464"]
[BlackElo "2396"]
[PlyCount "125"]
[EventDate "2013.07.13"]

1. Nf3 Nf6 2. c4 e6 3. b3 d5 4. Bb2 Bd6 5. g3 O-O 6. Bg2 c6 7. O-O Nbd7 8. Nc3
Qe7 9. d4 b6 10. Qc2 Ba6 11. e4 Nxe4 12. Nxe4 dxe4 13. Qxe4 Rac8 14. Ne5 Bxe5
15. dxe5 b5 16. cxb5 cxb5 17. Qd4 Nb6 18. Qd6 Qxd6 19. exd6 Rc2 20. Ba3 b4 21.
Rfc1 Rxc1+ 22. Bxc1 Rd8 23. Bd2 Rxd6 24. Bxb4 Rd7 25. Rc1 Bb7 26. Bf1 Nd5 27.
Ba5 f6 28. Bb5 Rd6 29. Rd1 Ba6 30. Ba4 Be2 31. Rd2 Bf3 32. Bc7 Ra6 33. Bb5 Nxc7
34. Bxa6 Nxa6 35. Rd7 Nb4 36. Rxa7 Bd5 37. a3 Nc6 38. Rc7 Nd4 39. b4 Nf3+ 40.
Kf1 Nxh2+ 41. Ke2 Nf3 42. a4 h5 43. b5 Nd4+ 44. Kd3 Nb3 45. Kc3 g5 46. b6 h4
47. gxh4 gxh4 48. b7 Bxb7 49. Rxb7 Nc5 50. Rb4 h3 51. Rh4 h2 52. a5 Ne4+ 53.
Kd4 Nxf2 54. Rxh2 e5+ 55. Kc4 Ne4 56. a6 Nd6+ 57. Kd5 Nb5 58. Kc6 Na7+ 59. Kb6
Nc8+ 60. Kb7 Nd6+ 61. Kc7 Nb5+ 62. Kb6 Nd6 63. Rc2 1-0

[Event "17. Šahovski festival "]
[Site "Senta"]
[Date "2013.07.15"]
[Round "4.3"]
[White "Radusinovic, Lazar"]
[Black "Nestorovic, Dejan"]
[Result "0-1"]
[WhiteElo "2310"]
[BlackElo "2411"]
[PlyCount "40"]
[EventDate "2013.07.13"]

1. d4 Nf6 2. Nf3 e6 3. g3 b5 4. Bg2 Bb7 5. O-O c5 6. a4 b4 7. c4 Na6 8. Bf4 Rc8
9. d5 exd5 10. Nh4 Nc7 11. Nf5 d6 12. e4 g6 13. Nxd6+ Bxd6 14. e5 Ne6 15. exd6
Nxf4 16. gxf4 O-O 17. f5 Qxd6 18. f4 Rcd8 19. Nd2 Ba6 20. fxg6 hxg6 0-1

[Event "17. Šahovski festival "]
[Site "Senta"]
[Date "2013.07.15"]
[Round "4.4"]
[White "Desnica, Vladan"]
[Black "Leskur, Dejan"]
[Result "1/2-1/2"]
[WhiteElo "2257"]
[BlackElo "2391"]
[PlyCount "66"]
[EventDate "2013.07.13"]

1. e4 g6 2. d4 Bg7 3. Nf3 d6 4. c3 Nf6 5. Bd3 O-O 6. O-O c5 7. h3 Nc6 8. Re1 e5
9. d5 Ne7 10. b4 cxb4 11. cxb4 Nexd5 12. exd5 e4 13. Bb2 exd3 14. Qxd3 a5 15.
b5 Bf5 16. Qd4 Rc8 17. Na3 Rc5 18. Rad1 Rxd5 19. Qa7 Qa8 20. Qxa8 Rxa8 21. Rxd5
Nxd5 22. Bxg7 Kxg7 23. Nc4 Nc3 24. Nxd6 Nxa2 25. Nxb7 Nc3 26. Nd6 Nd5 27. Nd4
Bd7 28. Nc4 a4 29. Ra1 Rc8 30. Rxa4 Nc3 31. Rb4 Nd5 32. Ra4 Nc3 33. Rb4 Nd5
1/2-1/2

[Event "17. Šahovski festival "]
[Site "Senta"]
[Date "2013.07.15"]
[Round "4.5"]
[White "Nadj Hedjesi, Balind"]
[Black "Sakic, Lorand"]
[Result "1-0"]
[WhiteElo "2389"]
[BlackElo "1971"]
[PlyCount "47"]
[EventDate "2013.07.13"]

1. e4 e5 2. Nf3 Nc6 3. Bb5 a6 4. Bxc6 dxc6 5. O-O Qd6 6. d4 exd4 7. Qxd4 Qxd4
8. Nxd4 Bd7 9. Be3 O-O-O 10. Nc3 Bd6 11. Rad1 Ne7 12. f4 f6 13. Nb3 Be6 14. Nc5
Bf7 15. Nd3 Ng6 16. e5 Be7 17. e6 Be8 18. f5 Nf8 19. Bc5 Bxc5+ 20. Nxc5 Rxd1
21. Rxd1 g6 22. N3e4 gxf5 23. e7 Nd7 24. Nxf6 1-0

[Event "17. Šahovski festival "]
[Site "Senta"]
[Date "2013.07.15"]
[Round "4.6"]
[White "Vucinic, Gojko"]
[Black "Dragovic, Momcilo"]
[Result "1-0"]
[WhiteElo "2252"]
[BlackElo "2387"]
[PlyCount "53"]
[EventDate "2013.07.13"]

1. e4 e5 2. Nf3 Nc6 3. Bc4 Nf6 4. Ng5 d5 5. exd5 Na5 6. Bb5+ c6 7. dxc6 bxc6 8.
Bd3 Nd5 9. Nf3 Bd6 10. O-O O-O 11. Re1 Re8 12. Nc3 f5 13. Nxd5 cxd5 14. Bb5 Re6
15. d4 e4 16. Ne5 Rb8 17. Bf1 Qc7 18. f4 exf3 19. Qxf3 Nc6 20. Nxc6 Rxe1 21.
Nxb8 Qxb8 22. Bf4 Rxa1 23. Qxd5+ Kh8 24. Bxd6 Ba6 25. c4 Qc8 26. b3 Bb7 27. Qf7
1-0

[Event "17. Šahovski festival "]
[Site "Senta"]
[Date "2013.07.15"]
[Round "4.8"]
[White "Lazic, Miroljub"]
[Black "Vranic, Ljubomir"]
[Result "1-0"]
[WhiteElo "2467"]
[BlackElo "2225"]
[PlyCount "55"]
[EventDate "2013.07.13"]

1. g3 e5 2. c4 d6 3. Bg2 c6 4. Nc3 Nf6 5. d4 Be7 6. e4 Nbd7 7. Nge2 Nf8 8. h3
h5 9. Be3 Bd7 10. f4 Qc8 11. Qd2 N6h7 12. Rd1 Bf6 13. Ng1 h4 14. g4 Ne6 15.
Nge2 exf4 16. Nxf4 O-O 17. O-O Bg5 18. Rf2 Nxf4 19. Bxf4 Bxf4 20. Qxf4 Qb8 21.
d5 c5 22. g5 a6 23. Qxh4 Qd8 24. Qg3 Qxg5 25. Qxd6 Bxh3 26. Rd3 Bxg2 27. Rxg2
Qh4 28. Rdg3 1-0

[Event "17. Šahovski festival "]
[Site "Senta"]
[Date "2013.07.15"]
[Round "4.9"]
[White "Tancik, Kristijan"]
[Black "Balog, Imre"]
[Result "0-1"]
[WhiteElo "2272"]
[BlackElo "2547"]
[PlyCount "114"]
[EventDate "2013.07.13"]

1. d4 g6 2. c4 Bg7 3. e4 d6 4. Nc3 Nf6 5. Be2 c5 6. d5 O-O 7. Bg5 h6 8. Bf4 Kh7
9. Nf3 Nh5 10. Be3 e5 11. dxe6 Bxe6 12. O-O Nc6 13. Qd2 f5 14. exf5 gxf5 15.
Nd5 Nf6 16. Nf4 Bg8 17. Rad1 Ne4 18. Qc2 Qe7 19. a3 Rae8 20. g3 Qf6 21. Nh4
Qxb2 22. Qxb2 Bxb2 23. Rb1 Bf6 24. Rxb7+ Re7 25. Rxe7+ Nxe7 26. Rb1 Nc3 27. Rb7
Nxe2+ 28. Nxe2 Bxc4 29. Nf4 Rf7 30. Rxa7 Bxh4 31. gxh4 Rg7+ 32. Kh1 Bb5 33. h3
Nc6 34. Rxg7+ Kxg7 35. Ne6+ Kg6 36. Nc7 Be2 37. Ne8 f4 38. Bxf4 d5 39. Kg2 h5
40. Nd6 Kf6 41. f3 Bd1 42. Kf2 c4 43. Bd2 Ke5 44. Nb5 d4 45. Bh6 Kd5 46. Nc7+
Kd6 47. Bf4+ Kd7 48. Nd5 Ke6 49. Nc7+ Kf5 50. Bh6 c3 51. Nb5 Ba4 52. Nd6+ Ke6
53. Ne4 Kd5 54. Ke1 Ne5 55. Nf6+ Kc4 56. f4 Nf3+ 57. Kf2 d3 0-1

[Event "17. Šahovski festival "]
[Site "Senta"]
[Date "2013.07.15"]
[Round "4.10"]
[White "Pregarac, Valter"]
[Black "Kokeza, Mirko"]
[Result "1/2-1/2"]
[WhiteElo "2136"]
[BlackElo "2315"]
[PlyCount "113"]
[EventDate "2013.07.13"]

1. e4 c5 2. Nf3 g6 3. d4 Bg7 4. c4 cxd4 5. Nxd4 Nc6 6. Be3 Nf6 7. Nc3 Ng4 8.
Qxg4 Nxd4 9. Qd1 Ne6 10. Qd2 Qa5 11. Rc1 O-O 12. Nd5 Qxa2 13. Nxe7+ Kh8 14. b4
Qa3 15. Nd5 f5 16. exf5 gxf5 17. Be2 a5 18. b5 a4 19. O-O Qb2 20. Rc2 Qb3 21.
c5 f4 22. Nxf4 Nxf4 23. Bc4 Qa3 24. Bxf4 Qxc5 25. Bd6 Qf5 26. Bxf8 Qxf8 27. Re1
d6 28. Qd5 Bf5 29. Rce2 Bg6 30. Qxb7 a3 31. Qd5 Rc8 32. Ba2 Rc5 33. Qb3 Rf5 34.
Qc4 Rc5 35. Qb3 Bd4 36. Kh1 Rf5 37. Qc4 Be5 38. Rxe5 dxe5 39. Qe6 Qg7 40. Rc1
h5 41. Bb1 Rf6 42. Qxe5 Bxb1 43. Rxb1 Rxf2 44. Qxh5+ Kg8 45. Qd5+ Qf7 46. Qd8+
Kg7 47. Qg5+ Qg6 48. Qe5+ Kg8 49. Qd5+ Kh7 50. Qd7+ Kg8 51. Qd5+ Kh7 52. Qd7+
Kh6 53. Qh3+ Kg7 54. Qd7+ Kh6 55. Qh3+ Kg7 56. Qd7+ Kh6 57. Qh3+ 1/2-1/2

[Event "17. Šahovski festival "]
[Site "Senta"]
[Date "2013.07.15"]
[Round "4.11"]
[White "Stanojevic, Branko"]
[Black "Manojlovic, Sava"]
[Result "1/2-1/2"]
[WhiteElo "2302"]
[BlackElo "2127"]
[PlyCount "60"]
[EventDate "2013.07.13"]

1. c4 Nf6 2. Nc3 d6 3. d4 Nbd7 4. e4 e5 5. Nf3 Be7 6. Be2 O-O 7. O-O c6 8. Rb1
Re8 9. Re1 Bf8 10. d5 c5 11. a3 g6 12. Be3 Nh5 13. g3 Ng7 14. Nh4 Be7 15. Ng2
f5 16. f3 Nf6 17. b4 b6 18. Rf1 Rf8 19. Bh6 Rf7 20. Qd2 Bd7 21. bxc5 bxc5 22.
Rb7 Bc8 23. Rb3 Nd7 24. a4 a6 25. Nd1 Qc7 26. Nde3 fxe4 27. fxe4 Rxf1+ 28. Kxf1
Rb8 29. Qb2 Rxb3 30. Qxb3 Nf6 1/2-1/2